[Event "PohÃ¡r mÄ›sta Å˜Ã­Ä�any 2020"]
[Site "MÄ›stskÃ© kulturnÃ­ stÅ™edisko U labutÄ›"]
[Date "2020.08.24"]
[Round "4.17"]
[White "Plasek, Zdenek"]
[Black "Strnad, Michael"]
[Result "1-0"]
[WhiteElo "1967"]
[BlackElo "1813"]
[PlyCount "0"]
[EventDate "2020.08.22"]

1. g3 Nf6 2. Nf3 g6 3. b3 Bg7 4. Bb2 O-O 5. c4 d6 6. Bg2 e5 7. O-O Nc6 8. d4
Bd7 9. Nc3 Qc8 10. Re1 h6 11. Qd2 Bh3 12. Bh1 Ng4 13. Nd5 f5 14. b4 Kh7 15. b5
Nxd4 16. Nxd4 exd4 17. Nf4 g5 18. Nxh3 f4 19. Be4+ Kg8 20. Kg2 fxg3 21. hxg3 Be5
22. Rh1 Qe6 23. Bf3 Kg7 24. Nxg5 Qf5 25. Ne4 h5 26. Qg5+ Qxg5 27. Nxg5 Rf5
28. Ne4 c6 29. Bxg4 hxg4 30. Rh4 d5 31. Rxg4+ 1-0

[Event "PohÃ¡r mÄ›sta Å˜Ã­Ä�any 2020"]
[Site "MÄ›stskÃ© kulturnÃ­ stÅ™edisko U labutÄ›"]
[Date "2020.08.24"]
[Round "4.18"]
[White "Kopecky, Jiri"]
[Black "Dome, Michal"]
[Result "1/2-1/2"]
[WhiteElo "1921"]
[BlackElo "1802"]
[PlyCount "0"]
[EventDate "2020.08.22"]

1. e4 e6 2. d4 d5 3. Nd2 Nc6 4. Ngf3 Nf6 5. e5 Nd7 6. c3 f6 7. exf6 Qxf6 8. Bd3
Bd6 9. O-O O-O 10. Nb3 e5 11. dxe5 Ndxe5 12. Nxe5 Nxe5 13. Be2 c6 14. Be3 Qh4
15. f4 Ng4 16. Bxg4 Bxg4 17. Qe1 Qe7 18. Qg3 Bf5 19. Rae1 Qc7 20. Bc5 Rae8
21. Bxd6 Qxd6 22. Qf2 b6 23. Nd2 Bd3 24. Rxe8 Rxe8 25. Re1 Qg6 26. Re3 Bf5
27. Qe2 Kf8 1/2-1/2

[Event "PohÃ¡r mÄ›sta Å˜Ã­Ä�any 2020"]
[Site "MÄ›stskÃ© kulturnÃ­ stÅ™edisko U labutÄ›"]
[Date "2020.08.24"]
[Round "4.19"]
[White "Svoboda, Jaromir"]
[Black "Harcuba, Adam"]
[Result "1-0"]
[WhiteElo "1977"]
[BlackElo "1637"]
[PlyCount "0"]
[EventDate "2020.08.22"]

1. e4 e6 2. d4 d5 3. Nc3 Nf6 4. Bg5 Be7 5. e5 Nfd7 6. h4 h6 7. Qh5 g6 8. Bxe7
Qxe7 9. Qe2 Nc6 10. Qe3 a6 11. O-O-O Nb6 12. Nf3 Bd7 13. Nd2 O-O-O 14. Nb3 Be8
15. Rh3 Nd7 16. Na4 Qb4 17. Nac5 Na5 18. a3 Nxb3+ 19. Nxb3 Qe7 20. Qc3 Kb8
21. Qa5 Rc8 22. Bxa6 bxa6 23. Qxa6 Nf8 24. Na5 c6 25. Rb3+ 1-0

[Event "PohÃ¡r mÄ›sta Å˜Ã­Ä�any 2020"]
[Site "MÄ›stskÃ© kulturnÃ­ stÅ™edisko U labutÄ›"]
[Date "2020.08.24"]
[Round "4.21"]
[White "Vit, Zdenek"]
[Black "Bartos, Vaclav"]
[Result "1/2-1/2"]
[WhiteElo "1703"]
[BlackElo "1976"]
[PlyCount "0"]
[EventDate "2020.08.22"]

1. e4 c6 2. d4 d5 3. Nc3 dxe4 4. Nxe4 Bf5 5. Ng3 Bg6 6. Nf3 Nd7 7. Bd3 Bxd3
8. Qxd3 Ngf6 9. O-O e6 10. Re1 Bd6 11. Nf5 Bf8 12. Bf4 Nb6 13. Rad1 Nbd5 14. Bg3
g6 15. Ne3 Bg7 16. c4 Ne7 17. d5 exd5 18. cxd5 cxd5 19. Nxd5 Nxd5 20. Qxd5 Qxd5
21. Rxd5 Rd8 22. Rxd8+ 1/2-1/2

[Event "PohÃ¡r mÄ›sta Å˜Ã­Ä�any 2020"]
[Site "MÄ›stskÃ© kulturnÃ­ stÅ™edisko U labutÄ›"]
[Date "2020.08.24"]
[Round "4.22"]
[White "Hozda, Max"]
[Black "Koper, Stefan"]
[Result "0-1"]
[WhiteElo "1630"]
[BlackElo "1871"]
[PlyCount "0"]
[EventDate "2020.08.22"]

1. d4 g6 2. c4 Bg7 3. Nc3 c6 4. Nf3 d5 5. e3 Nf6 6. b3 Bg4 7. Be2 Bxf3 8. Bxf3
e6 9. Ba3 Bf8 10. Bxf8 Kxf8 11. O-O Kg7 12. cxd5 exd5 13. b4 Qd6 14. b5 Nbd7
15. bxc6 bxc6 16. Qd2 h5 17. e4 dxe4 18. Nxe4 Nxe4 19. Bxe4 Nf6 20. f3 Rad8
21. Rad1 h4 22. Qc3 Nd5 23. Bxd5 cxd5 24. Rc1 h3 25. g3 Rc8 26. Qd2 Rxc1
27. Rxc1 Rb8 28. Rc5 Qf6 29. Qd3 Rb1+ 30. Kf2 Rb2+ 31. Kg1 Rg2+ 32. Kf1 Rxh2
33. Rxd5 Rxa2 34. Kg1 Rg2+ 0-1

[Event "PohÃ¡r mÄ›sta Å˜Ã­Ä�any 2020"]
[Site "MÄ›stskÃ© kulturnÃ­ stÅ™edisko U labutÄ›"]
[Date "2020.08.24"]
[Round "4.23"]
[White "Kuhnmund, Ivan"]
[Black "Pavlicek, Petr"]
[Result "1/2-1/2"]
[WhiteElo "1682"]
[BlackElo "1860"]
[PlyCount "0"]
[EventDate "2020.08.22"]

1. e4 c5 2. g3 d6 3. Bg2 g6 4. Ne2 Bg7 5. O-O Nc6 6. d3 e6 7. c3 Nge7 8. d4
cxd4 9. cxd4 d5 10. e5 O-O 11. Nbc3 a6 12. g4 h6 13. h4 Bd7 14. f4 f5 15. g5 b5
16. Rf3 Qb6 17. Be3 Na5 18. b3 b4 19. Nb1 Rfc8 20. Nc1 Bb5 21. Bf1 Bxf1 22. Kxf1
Nb7 23. Nd3 h5 24. Nc5 Nxc5 25. dxc5 Qb5+ 26. Qe2 Qxe2+ 27. Kxe2 Nc6 28. a3 a5
29. Rf1 Bf8 30. Rc1 Rcb8 31. a4 Rc8 32. Ra2 Rd8 33. Nd2 Ra6 34. Rac2 Ra7 35. Nf3
Kf7 36. Ne1 Rc7 {Dï¿½le neï¿½itelnï¿½} 1/2-1/2

[Event "PohÃ¡r mÄ›sta Å˜Ã­Ä�any 2020"]
[Site "MÄ›stskÃ© kulturnÃ­ stÅ™edisko U labutÄ›"]
[Date "2020.08.24"]
[Round "4.24"]
[White "Svetly, Jiri"]
[Black "Neuhoff, Laertes"]
[Result "1-0"]
[WhiteElo "1835"]
[BlackElo "1700"]
[PlyCount "0"]
[EventDate "2020.08.22"]

1. d4 d5 2. c4 e6 3. Nc3 Nf6 4. Bg5 c6 5. e3 Nbd7 6. Nf3 Qa5 7. Nd2 Bb4 8. Qc2
dxc4 9. Bxf6 Nxf6 10. Bxc4 b5 11. Bd3 Bb7 12. O-O O-O 13. Be4 Nxe4 14. Ndxe4 h6
15. a3 Be7 16. b4 Qb6 17. f4 a5 18. Nc5 Bxc5 19. bxc5 Qc7 20. g3 Bc8 21. Qg2 f5
22. Rf3 Qf7 23. g4 Qg6 24. Rg3 1-0

[Event "PohÃ¡r mÄ›sta Å˜Ã­Ä�any 2020"]
[Site "MÄ›stskÃ© kulturnÃ­ stÅ™edisko U labutÄ›"]
[Date "2020.08.24"]
[Round "4.25"]
[White "Pecka, Jan"]
[Black "Kalvach, Ladislav"]
[Result "1-0"]
[WhiteElo "1610"]
[BlackElo "1761"]
[PlyCount "0"]
[EventDate "2020.08.22"]

1. e4 c5 2. Nf3 a6 3. c3 Nf6 4. Bd3 Nc6 5. O-O e5 6. Bc2 d5 7. exd5 Qxd5 8. d3
Bg4 9. Bb3 Bxf3 10. Bxd5 Bxd1 11. Bxc6+ bxc6 12. Rxd1 O-O-O 13. Kf1 c4 14. Ke2
cxd3+ 15. Rxd3 Bc5 16. Rxd8+ Rxd8 17. Nd2 e4 18. Nb3 Bd6 19. Bg5 Be5 20. Bxf6
gxf6 21. Na5 f5 22. Nxc6 Bxh2 23. Nb4 Rd6 24. Nc2 Bf4 25. Ne3 Bxe3 26. Kxe3 Rd3+
27. Ke2 Rd6 28. Rh1 h6 29. Rh5 f4 30. Rf5 Rg6 31. Rxf4 Rxg2 32. Rh4 f5 33. Rxh6
Kb7 34. Rf6 Rg5 {od tahu 35 neï¿½itelnï¿½} 1-0

[Event "PohÃ¡r mÄ›sta Å˜Ã­Ä�any 2020"]
[Site "MÄ›stskÃ© kulturnÃ­ stÅ™edisko U labutÄ›"]
[Date "2020.08.24"]
[Round "4.26"]
[White "Popovsky, Ondrej"]
[Black "Konvalinka, Vladislav"]
[Result "1-0"]
[WhiteElo "1766"]
[BlackElo "1731"]
[PlyCount "0"]
[EventDate "2020.08.22"]

1. d4 d5 2. c4 c6 3. Nc3 Nf6 4. Nf3 e6 5. e3 Nbd7 6. Bd2 Bd6 7. Bd3 O-O 8. O-O
e5 9. cxd5 cxd5 10. dxe5 Nxe5 11. Be2 Nc4 12. Nxd5 Bxh2+ 13. Nxh2 Qxd5 14. Bc3
Qxd1 15. Rfxd1 Be6 16. Bf3 Nd7 17. b3 Nce5 18. Bxb7 Rab8 19. Be4 f5 20. Bd5 Kf7
21. f4 Ng6 22. Bxe6+ Kxe6 23. Bxg7 Rg8 24. Bd4 Nh4 25. Rd2 Nf6 26. Bxf6 Kxf6
27. Rc1 Rbe8 28. Rc6+ Kg7 29. g3 Rxe3 30. Kf2 Re4 31. gxh4 Rxf4+ 32. Nf3 Kh8
33. Rc4 Rfg4 34. Ng5 f4 35. Rd7 Rxh4 36. Nf7+ Kg7 37. Rxa7 Kf6 38. Rc6+ Kf5 1-0

[Event "PohÃ¡r mÄ›sta Å˜Ã­Ä�any 2020"]
[Site "MÄ›stskÃ© kulturnÃ­ stÅ™edisko U labutÄ›"]
[Date "2020.08.24"]
[Round "4.27"]
[White "Rousek, Jan"]
[Black "Sargsyan, Karen"]
[Result "*"]
[WhiteElo "1665"]
[BlackElo "1918"]
[PlyCount "0"]
[EventDate "2020.08.22"]

1. d4 e6 2. Nf3 Nf6 3. g3 c5 4. Bg2 Nc6 5. O-O Be7 6. dxc5 Bxc5 7. c4 O-O
8. Nc3 h6 9. Bf4 a6 10. e3 d5 11. cxd5 exd5 12. Ne5 Re8 13. Nxc6 bxc6 14. e4 d4
15. Na4 Ba7 16. Re1 Bg4 17. Qd3 Qa5 18. b3 Rac8 19. Nb2 Qb5 20. Nc4 Nh5 21. Qd2
Rcd8 22. Nd6 Qb6 23. Nxe8 Rxe8 24. Bd6 Nf6 25. Rac1 Qb5 26. Qb4 d3 27. Qxb5 cxb5
28. Bf4 Be2 29. e5 Ng4 30. Bf1 Bxf2+ 31. Kg2 Bxe1 32. Rxe1 Bxf1+ 33. Rxf1 g5
34. Bd2 Rxe5 35. Re1 Rxe1 36. Bxe1 Kg7 37. h3 Ne5 38. Kf2 Kg6 39. Bc3 Kf5
40. Ke3 f6 41. g4+ Ke6 42. Ke4 Ng6 43. Kxd3 Nf4+ 44. Ke4 Nxh3 45. Bb4 Nf2+
46. Kf3 Nd3 47. Bf8 Nc1 48. Bxh6 Nxa2 49. Bf8 a5 50. Ke3 Nc1 51. b4 a4 52. Kd2
Nb3+ 53. Kd3 a3 54. Kc3 a2 *

[Event "PohÃ¡r mÄ›sta Å˜Ã­Ä�any 2020"]
[Site "MÄ›stskÃ© kulturnÃ­ stÅ™edisko U labutÄ›"]
[Date "2020.08.24"]
[Round "4.28"]
[White "Studzinski, Boleslav"]
[Black "Mejzr, Jan"]
[Result "0-1"]
[WhiteElo "1678"]
[BlackElo "1849"]
[PlyCount "0"]
[EventDate "2020.08.22"]

1. e4 d6 2. Nc3 Nf6 3. f4 g6 4. Bc4 Bg7 5. Nf3 O-O 6. d3 c6 7. a3 d5 8. exd5
cxd5 9. Bb3 d4 10. Ne4 Ng4 11. Rb1 Qb6 12. Qe2 Be6 13. Bxe6 Qxe6 14. Nfg5 Qa2
15. Nd2 Ne3 16. Nge4 Nxc2+ 17. Kf2 Qd5 18. Nc4 Ne3 19. Bxe3 dxe3+ 20. Nxe3 Bd4
21. Qf3 Qb5 22. Ke2 Nd7 23. Nc3 Qb3 24. Qd5 Qxd5 25. Ncxd5 e6 26. Nc3 Rfd8
27. Rbd1 a6 28. Rd2 b5 29. Nc2 Bg7 30. d4 Nb6 31. b3 Rac8 32. Rd3 Nd5 33. Kd2
{zï¿½pis neï¿½itelnï¿½} 0-1

[Event "PohÃ¡r mÄ›sta Å˜Ã­Ä�any 2020"]
[Site "MÄ›stskÃ© kulturnÃ­ stÅ™edisko U labutÄ›"]
[Date "2020.08.24"]
[Round "4.29"]
[White "Chmelik, Ladislav"]
[Black "Feierfeil, Jiri"]
[Result "1-0"]
[WhiteElo "1774"]
[BlackElo "1719"]
[PlyCount "0"]
[EventDate "2020.08.22"]

1. d4 Nf6 2. c4 g6 3. Nf3 Bg7 4. Nc3 d5 5. cxd5 Nxd5 6. e4 Nxc3 7. bxc3 O-O
8. Be2 c5 9. O-O Nc6 10. Be3 cxd4 11. cxd4 b6 12. Bb5 Bb7 13. Rc1 Rc8 14. Qa4
Na5 15. d5 a6 16. Be2 b5 17. Qb4 Rxc1 18. Rxc1 Ba8 19. a4 Nb7 20. axb5 axb5
21. Bxb5 Qd6 22. Qxd6 Nxd6 23. Bd3 f5 24. e5 Nf7 25. e6 Nd6 26. Rc5 f4 27. Bd2
h6 28. Bxg6 Bf6 29. Kf1 Kg7 30. Bd3 Nb7 31. Rc7 Nd6 32. Bxf4 Rd8 33. Rd7 Rxd7
34. exd7 Nf7 35. Bc7 e5 36. dxe6 Nd8 37. Bxd8 Bxd8 38. Nd4 Kf6 39. Ke2 Bb6
40. Ke3 Bd5 41. Bf5 Bxe6 42. Bxe6 Bxd4+ 43. Kxd4 1-0

[Event "PohÃ¡r mÄ›sta Å˜Ã­Ä�any 2020"]
[Site "MÄ›stskÃ© kulturnÃ­ stÅ™edisko U labutÄ›"]
[Date "2020.08.25"]
[Round "5.1"]
[White "Petr, Jakub"]
[Black "Plischki, Sebastian"]
[Result "0-1"]
[WhiteElo "2236"]
[BlackElo "2356"]
[PlyCount "0"]
[EventDate "2020.08.22"]

1. e4 c5 2. Nf3 e6 3. d4 cxd4 4. Nxd4 a6 5. Nc3 b5 6. Bd3 Bb7 7. O-O Nc6 8. Be3
Nxd4 9. Bxd4 Ne7 10. Bc5 d6 11. Bxd6 Qxd6 12. Bxb5+ Nc6 13. Ba4 Qxd1 14. Raxd1
Rd8 15. Nd5 Bd6 16. c4 O-O 17. Nb6 Ne5 18. Bc2 Bc6 19. b3 Bb5 0-1

[Event "PohÃ¡r mÄ›sta Å˜Ã­Ä�any 2020"]
[Site "MÄ›stskÃ© kulturnÃ­ stÅ™edisko U labutÄ›"]
[Date "2020.08.25"]
[Round "5.2"]
[White "Vojta, Tomas"]
[Black "Reljic, Michael"]
[Result "1-0"]
[WhiteElo "2328"]
[BlackElo "1957"]
[PlyCount "0"]
[EventDate "2020.08.22"]

1. d4 d5 2. Bf4 e6 3. e3 c5 4. c3 Nf6 5. Nd2 Be7 6. Bd3 Nc6 7. Ngf3 Bd7 8. h3
c4 9. Bc2 b5 10. e4 b4 11. O-O bxc3 12. bxc3 Qa5 13. exd5 exd5 14. Ne5 O-O
15. Qf3 Nd8 16. Nxd7 Nxd7 17. Nxc4 Qb5 18. Ne3 Nf6 19. Nxd5 1-0

[Event "PohÃ¡r mÄ›sta Å˜Ã­Ä�any 2020"]
[Site "MÄ›stskÃ© kulturnÃ­ stÅ™edisko U labutÄ›"]
[Date "2020.08.25"]
[Round "5.3"]
[White "Zvolensky, David"]
[Black "Voracek, Zdenek"]
[Result "1-0"]
[WhiteElo "2048"]
[BlackElo "1903"]
[PlyCount "0"]
[EventDate "2020.08.22"]

1. e4 Nf6 2. e5 Nd5 3. d4 d6 4. Nf3 Bg4 5. Be2 e6 6. O-O Be7 7. h3 Bh5 8. c4
Nb6 9. Nc3 O-O 10. Be3 d5 11. c5 Bxf3 12. Bxf3 Nc4 13. Bf4 Nc6 14. b3 N4a5
15. Rc1 b6 16. cxb6 axb6 17. Nb5 Qd7 18. Be2 Rfc8 19. Be3 Na7 20. Nc3 c5 21. Na4
Qc7 22. dxc5 bxc5 23. Bxc5 Bxc5 24. Rxc5 N7c6 25. Bb5 Qa7 26. Qc2 Ne7 27. Rc1
Rxc5 28. Qxc5 Qxc5 29. Rxc5 Rc8 30. Rxc8+ Nxc8 31. b4 Na7 32. Bd7 N5c6 33. b5
Nxe5 34. b6 Nac6 35. Bxc6 Nxc6 36. Nc5 Kf8 37. b7 Ke7 38. Na6 Kd6 39. Kf1 d4
40. Ke2 e5 41. b8=Q+ Nxb8 42. Nxb8 Kc7 43. Na6+ Kb6 44. Nb4 Kb5 45. Nc2 Kc4
46. Kd2 e4 47. g4 1-0

[Event "PohÃ¡r mÄ›sta Å˜Ã­Ä�any 2020"]
[Site "MÄ›stskÃ© kulturnÃ­ stÅ™edisko U labutÄ›"]
[Date "2020.08.25"]
[Round "5.4"]
[White "Elias, Jakub"]
[Black "Otruba, Marek"]
[Result "1-0"]
[WhiteElo "1937"]
[BlackElo "2079"]
[PlyCount "0"]
[EventDate "2020.08.22"]

1. e4 c5 2. Nf3 d6 3. d4 cxd4 4. Nxd4 Nf6 5. Nc3 g6 6. Be3 Bg7 7. f3 Nc6 8. Qd2
O-O 9. Bc4 Bd7 10. O-O-O Rc8 11. Bb3 Nxd4 12. Bxd4 b5 13. h4 a5 14. h5 a4
15. Bxf6 exf6 16. Bd5 f5 17. hxg6 hxg6 18. Ne2 fxe4 19. Bxe4 Bf5 20. Bxf5 Qf6
21. c3 Qxf5 22. Nd4 Qc5 23. a3 b4 24. axb4 Qxb4 25. Nc2 Qb3 26. Qd5 Rc4 27. Qxd6
Rb8 28. Qa3 Qb5 29. Rd3 Qg5+ 30. Kb1 Bf8 31. Qa2 Qc5 32. Kc1 Qg5+ 33. Kb1 Qxg2
34. Rhd1 Rf4 35. R1d2 Qh1+ 36. Rd1 Qg2 37. R1d2 Qg5 38. Nd4 Qa5 39. Nc6 Qb6
40. Nxb8 Qxb8 41. Rd8 Qe5 42. Qa3 Qe1+ 43. Ka2 Qe6+ 44. Kb1 Qe1+ 45. Kc2 1-0

[Event "PohÃ¡r mÄ›sta Å˜Ã­Ä�any 2020"]
[Site "MÄ›stskÃ© kulturnÃ­ stÅ™edisko U labutÄ›"]
[Date "2020.08.25"]
[Round "5.6"]
[White "Plasek, Zdenek"]
[Black "Stanek, Ondrej"]
[Result "0-1"]
[WhiteElo "1967"]
[BlackElo "2074"]
[PlyCount "0"]
[EventDate "2020.08.22"]

1. c4 e5 2. Nc3 Nf6 3. e4 Nc6 4. g3 Bc5 5. Bg2 d6 6. h3 Be6 7. d3 a6 8. Nge2
O-O 9. O-O Nd7 10. Nd5 Nd4 11. Nxd4 Bxd4 12. Ne3 b5 13. Qe2 Nb6 14. Nd5 c6
15. Nxb6 Qxb6 16. Rb1 a5 17. b3 a4 18. Bb2 axb3 19. axb3 Ra6 20. Qc2 Rfa8
21. Rfd1 Ra2 22. Rd2 bxc4 23. dxc4 Rb8 24. Rd3 Qb4 25. Qc1 Bxb2 26. Rxb2 Rxb2
27. Qxb2 Bxc4 28. Rc3 Bb5 29. Qe2 Ra8 30. Qe1 {partie neèitelná} 0-1

[Event "PohÃ¡r mÄ›sta Å˜Ã­Ä�any 2020"]
[Site "MÄ›stskÃ© kulturnÃ­ stÅ™edisko U labutÄ›"]
[Date "2020.08.25"]
[Round "5.7"]
[White "Vavrinec, Tomas"]
[Black "Zizka, Petr"]
[Result "0-1"]
[WhiteElo "1927"]
[BlackElo "2046"]
[PlyCount "0"]
[EventDate "2020.08.22"]

1. Nf3 Nf6 2. c4 Nc6 3. Nc3 e5 4. g3 Bb4 5. Bg2 O-O 6. O-O d6 7. Nd5 Nxd5
8. cxd5 Ne7 9. d4 e4 10. Ng5 f5 11. f3 exf3 12. Bxf3 h6 13. Ne6 Bxe6 14. dxe6 d5
15. Qb3 Ba5 16. Qxb7 Bb6 17. Bf4 a6 0-1

[Event "PohÃ¡r mÄ›sta Å˜Ã­Ä�any 2020"]
[Site "MÄ›stskÃ© kulturnÃ­ stÅ™edisko U labutÄ›"]
[Date "2020.08.25"]
[Round "5.8"]
[White "Rut, Vojtech"]
[Black "Pejrimovska, Viola Ruby"]
[Result "1-0"]
[WhiteElo "2043"]
[BlackElo "1569"]
[PlyCount "0"]
[EventDate "2020.08.22"]

1. d4 Nf6 2. Bg5 g6 3. Bxf6 exf6 4. e3 d6 5. g3 h5 6. h4 Bh6 7. Bg2 O-O 8. Ne2
f5 9. c4 Nd7 10. Nbc3 Nf6 11. b4 Ng4 12. Nd5 Re8 13. O-O Kh7 14. b5 g5 15. hxg5
Qxg5 16. Nxc7 Rg8 17. Nxa8 h4 18. Qd3 hxg3 19. fxg3 Qh5 20. Rf3 Nh2 21. Kf2 Re8
22. Rh1 Be6 23. Rxh2 Qxh2 24. Nc7 Rg8 25. Nxe6 fxe6 26. d5 1-0

[Event "PohÃ¡r mÄ›sta Å˜Ã­Ä�any 2020"]
[Site "MÄ›stskÃ© kulturnÃ­ stÅ™edisko U labutÄ›"]
[Date "2020.08.25"]
[Round "5.9"]
[White "Maslo, Ondrej"]
[Black "Horak, Jan"]
[Result "0-1"]
[WhiteElo "1834"]
[BlackElo "2029"]
[PlyCount "0"]
[EventDate "2020.08.22"]

1. e4 c5 2. c3 g6 3. d4 cxd4 4. cxd4 d5 5. e5 Nc6 6. Nc3 h5 7. h3 Nh6 8. Nf3
Nf5 9. Bb5 Bg7 10. O-O e6 11. Bg5 Qb6 12. b4 O-O 13. Bxc6 bxc6 14. Rb1 a5 15. a3
axb4 16. Rxb4 Qc7 17. Qb3 Ba6 18. Re1 Bc4 19. Qb2 Ra7 20. Rb1 Rfa8 21. Rb8+ Rxb8
22. Qxb8+ Qxb8 23. Rxb8+ Kh7 24. a4 Nxd4 25. Nxd4 Bxe5 26. Nxc6 Bxb8 27. Nxa7
Bxa7 28. a5 Kg7 29. Na4 f6 30. Bd2 Kf7 31. Bb4 Ba6 32. g3 Bb7 33. Kf1 e5 34. f4
Ke6 35. fxe5 fxe5 {partie neèitelná} 0-1

[Event "PohÃ¡r mÄ›sta Å˜Ã­Ä�any 2020"]
[Site "MÄ›stskÃ© kulturnÃ­ stÅ™edisko U labutÄ›"]
[Date "2020.08.25"]
[Round "5.10"]
[White "Ocelak, Jakub"]
[Black "Hejsek, Lukas"]
[Result "1-0"]
[WhiteElo "1949"]
[BlackElo "1991"]
[PlyCount "0"]
[EventDate "2020.08.22"]

1. b3 e5 2. Bb2 Nc6 3. e3 Nf6 4. Nf3 e4 5. Nd4 Nxd4 6. Bxd4 d5 7. c4 Be7 8. Nc3
dxc4 9. Bxc4 O-O 10. Qc2 Re8 11. O-O Bd6 12. h3 c5 13. Bxf6 Qxf6 14. f4 Qg6
15. Kh2 h5 16. Rg1 Be5 17. Be2 h4 18. g3 hxg3+ 19. Rxg3 Qf6 20. Rag1 g6 21. Nd5
Qd8 22. Qc3 Bc7 23. Bb5 a6 24. Nxc7 1-0

[Event "PohÃ¡r mÄ›sta Å˜Ã­Ä�any 2020"]
[Site "MÄ›stskÃ© kulturnÃ­ stÅ™edisko U labutÄ›"]
[Date "2020.08.25"]
[Round "5.11"]
[White "Lhotsky, Frantisek"]
[Black "Hadrava, Jaroslav"]
[Result "1-0"]
[WhiteElo "1975"]
[BlackElo "1883"]
[PlyCount "0"]
[EventDate "2020.08.22"]

1. d4 Nf6 2. c4 g6 3. Nc3 d5 4. cxd5 Nxd5 5. e4 Nxc3 6. bxc3 Bg7 7. Be3 c5
8. Nf3 Qa5 9. Qd2 Nc6 10. Rb1 a6 11. Rc1 f5 12. e5 f4 13. Bxf4 Bg4 14. Be2 Rd8
15. Be3 Bxf3 16. Bxf3 cxd4 17. cxd4 Qxd2+ 18. Kxd2 Nxd4 19. Bxd4 Rxd4+ 20. Ke3
Ra4 21. Bxb7 Bh6+ 22. Kd3 Ra3+ 23. Rc3 Rxc3+ 24. Kxc3 O-O 25. f3 Bg7 26. Re1 a5
27. g3 e6 28. h4 Rb8 29. Ba6 Bf8 30. Rd1 Rb6 31. Bc4 a4 32. Rd7 a3 33. f4 Bc5
34. h5 gxh5 35. f5 Bf2 36. Bxe6+ Kf8 37. Bb3 Bxg3 38. e6 Be5+ 39. Kc4 Rb8
40. Rf7+ Kg8 41. Kd5 Bb2 42. f6 Rxb3 43. axb3 a2 44. Rg7+ Kh8 45. Ra7 Bxf6
46. Rxa2 h4 47. Kd6 Kg7 48. e7 Kf7 49. Rf2 1-0

[Event "PohÃ¡r mÄ›sta Å˜Ã­Ä�any 2020"]
[Site "MÄ›stskÃ© kulturnÃ­ stÅ™edisko U labutÄ›"]
[Date "2020.08.25"]
[Round "5.12"]
[White "Hrdina, Robin"]
[Black "Svetly, Jiri"]
[Result "1-0"]
[WhiteElo "2243"]
[BlackElo "1835"]
[PlyCount "0"]
[EventDate "2020.08.22"]

1. e4 d6 2. d4 Nf6 3. Nc3 g6 4. f4 Bg7 5. Nf3 O-O 6. e5 dxe5 7. fxe5 Nd5 8. Bc4
Nxc3 9. bxc3 Bg4 10. O-O c6 11. Qe1 b5 12. Bb3 a5 13. Ng5 e6 14. a4 Bf5 15. h3
h6 16. Nf3 g5 17. Qg3 Nd7 18. Nxg5 bxa4 19. Rxa4 Qe7 20. Nf3 Nb6 21. Nh4 Bg6
22. Ba3 Qg5 23. Qxg5 hxg5 24. Nxg6 Nxa4 25. Ne7+ Kh7 26. Bxa4 f5 27. Bb3 Rfe8
{27. tah nezapsán za èerného} 1-0

[Event "PohÃ¡r mÄ›sta Å˜Ã­Ä�any 2020"]
[Site "MÄ›stskÃ© kulturnÃ­ stÅ™edisko U labutÄ›"]
[Date "2020.08.25"]
[Round "5.13"]
[White "Salac, Jiri"]
[Black "Skypala, Ondrej"]
[Result "*"]
[WhiteElo "1914"]
[BlackElo "2129"]
[PlyCount "0"]
[EventDate "2020.08.22"]

1. d4 Nf6 2. Bf4 g6 3. Qd2 c5 4. e3 Ne4 5. Qc1 Bg7 6. c3 d5 7. Nd2 Nc6 8. f3
O-O 9. Be2 Bg4 10. h3 Bxf3 11. Bxf3 cxd4 12. exd4 e5 13. dxe5 Nxe5 14. Bxe5 Bxe5
15. Nxe4 dxe4 16. Bxe4 Qh4+ {partie èitelná - špatnì zapsaná} *

[Event "PohÃ¡r mÄ›sta Å˜Ã­Ä�any 2020"]
[Site "MÄ›stskÃ© kulturnÃ­ stÅ™edisko U labutÄ›"]
[Date "2020.08.25"]
[Round "5.16"]
[White "Dome, Michal"]
[Black "Svoboda, Jaromir"]
[Result "0-1"]
[WhiteElo "1802"]
[BlackElo "1977"]
[PlyCount "0"]
[EventDate "2020.08.22"]

1. d4 d5 2. c4 e6 3. Nc3 c5 4. cxd5 cxd4 5. Qa4+ Bd7 6. Qxd4 exd5 7. Qxd5 Nc6
8. Qb3 Be6 9. Qa4 Qb6 10. e3 O-O-O 11. Nf3 Nf6 12. Be2 Nd7 13. Qb5 Qc7 14. O-O
Nc5 15. Bd1 a6 16. Qe2 Bg4 17. Qc4 Be6 18. Qe2 Bd6 19. h3 Rhe8 20. Na4 Nd3
21. Bb3 Bf5 22. Bd2 Nf4 23. Qd1 Nxh3+ 24. Kh1 Bb4 25. Nc3 Bg4 26. gxh3 Rxd2
27. hxg4 Rxd1 28. Rfxd1 Bxc3 29. bxc3 Re4 30. Nh2 h5 31. Bd5 Re8 32. gxh5 Rh8
33. Bf3 Ne5 34. Bg2 Rxh5 35. Rab1 Nf3 36. Rd8+ Kxd8 37. Rd1+ Ke8 0-1

[Event "PohÃ¡r mÄ›sta Å˜Ã­Ä�any 2020"]
[Site "MÄ›stskÃ© kulturnÃ­ stÅ™edisko U labutÄ›"]
[Date "2020.08.25"]
[Round "5.17"]
[White "Steiner, Juraj"]
[Black "Pecka, Jan"]
[Result "0-1"]
[WhiteElo "1953"]
[BlackElo "1610"]
[PlyCount "0"]
[EventDate "2020.08.22"]

1. d4 Nf6 2. c4 e6 3. Nc3 d5 4. cxd5 exd5 5. Bg5 Be7 6. e3 O-O 7. Bd3 c6 8. Qc2
Nbd7 9. Nge2 h6 10. Bh4 Re8 11. f3 Nh5 12. Bf2 Bg5 13. g4 Nhf6 14. e4 dxe4
15. Nxe4 Nxe4 16. fxe4 c5 17. O-O cxd4 18. Nxd4 Ne5 19. Bb5 Bd7 20. Qb3 Bxb5
21. Qxb5 Nxg4 22. Qb3 Bf6 23. Rad1 Bxd4 24. Rxd4 Qc7 25. Bg3 {Partie dále
neèitelná - špatnì zapsaná.} 0-1

[Event "PohÃ¡r mÄ›sta Å˜Ã­Ä�any 2020"]
[Site "MÄ›stskÃ© kulturnÃ­ stÅ™edisko U labutÄ›"]
[Date "2020.08.25"]
[Round "5.18"]
[White "Holub, Adam"]
[Black "Kopecky, Jiri"]
[Result "0-1"]
[WhiteElo "1746"]
[BlackElo "1921"]
[PlyCount "0"]
[EventDate "2020.08.22"]

1. Nf3 Nf6 2. c4 g6 3. Nc3 Bg7 4. g3 O-O 5. Bg2 c5 6. d3 Nc6 7. O-O d5 8. cxd5
Nxd5 9. Bd2 e6 10. a3 b6 11. Qc2 Bb7 12. Rad1 Rc8 13. Qa4 a6 14. Bg5 Nxc3
15. bxc3 f6 16. Bc1 Qe7 17. Bh3 b5 18. Qb3 Nd8 19. c4 Bc6 20. Be3 f5 21. d4 Bxf3
22. exf3 cxd4 23. Bxd4 Rxc4 24. Bxg7 Qxg7 25. Rc1 Qf6 26. Rxc4 bxc4 27. Qxc4
{Partie relativnì èitelná - nejspíše chybí tah} 0-1

[Event "PohÃ¡r mÄ›sta Å˜Ã­Ä�any 2020"]
[Site "MÄ›stskÃ© kulturnÃ­ stÅ™edisko U labutÄ›"]
[Date "2020.08.25"]
[Round "5.19"]
[White "Bartos, Vaclav"]
[Black "Kacirek, Pavel"]
[Result "1-0"]
[WhiteElo "1976"]
[BlackElo "1778"]
[PlyCount "0"]
[EventDate "2020.08.22"]

1. d4 d5 2. c4 c6 3. cxd5 cxd5 4. Nc3 Bf5 5. Qb3 e6 6. Qxb7 Nd7 7. Bf4 Ngf6
8. e3 Be7 9. Bb5 O-O 10. Nf3 Nh5 1-0